Carl Weathers Filmography - Statistics

General Stats
  • This quiz has been taken 62 times
    20 since last reset
  • The average score is 21 of 105
Answer Stats
Type Year Name % Correct
Film 1987 Predator
92%
Film 1976 Rocky
92%
Film 1979 Rocky II
92%
Film 1982 Rocky III
92%
Film 1985 Rocky IV
83%
Film 1988 Action Jackson
50%
Film 1996 Happy Gilmore
42%
Web Series 2019-2023 The Mandalorian
42%
TV Show 1988, 2013 Saturday Night Live
33%
Film 1975 Bucktown
25%
TV Show 2017 Chicago Justice
25%
Film 1977 Close Encounters of the Third Kind
25%
Film 1981 Death Hunt
25%
Film 1978 Force 10 from Navarone
25%
Film 1975 Friday Foster
25%
Film 1992 Hurricane Smith
25%
Film 2000 Little Nicky
25%
Film 1973 Magnum Force
25%
Video Game 2015 Mortal Kombat X
25%
TV Show 2011, 2013 Regular Show
25%
Film 1977 Semi-Tough
25%
Film 1975 The Four Deuces
25%
Director 2000, 2001 18 Wheels of Justice
17%
Director 2018 A Burger and a Bullet
17%
Music Video 2023 Actors and Athletes Against Gang Violence
17%
TV Film 2005 Alien Siege
17%
Director 2013 Always Night
17%
TV Show 2004, 2005, 2013 Arrested Development
17%
Film 1999 Assault on Death Mountain
17%
Film 1997 Assault on Devil's Island
17%
Film 2004 Balto III: Wings of Change
17%
TV Show 1976 Barnaby Jones
17%
TV Film 1985 Braker
17%
TV Show 2009 Brothers
17%
TV Show 1975 Cannon
17%
TV Show 2010 Chadam
17%
TV Show 2016, 2017 Chicago Fire
17%
Director 2021, 2023 Chicago Med
17%
TV Show 2016 Colony
17%
Director 2017 Danny and the Deep Blue Sea
17%
TV Show 2019 Defrost: The Virtual Series
17%
Film 2002 Eight Crazy Nights
17%
Film 1999 Elevator Seeking
17%
TV Show 2008 ER
17%
TV Show 2017 Explosion Jones
17%
Director 2022 FBI
17%
Director 2002 For the People
17%
TV Show 1986 Fortune Dane
17%
TV Show 1975 Good Times
17%
Director 2019 Hawaii Five-0
17%
TV Show 1993-1995 In the Heat of the Night
17%
TV Show 1975 Kung Fu
17%
Director 2022 Law & Order
17%
TV Show 2018 Magnum P.I.
17%
Video Game 2005 Mercenaries: Playground of Destruction
17%
TV Mini-Series 1995 OP Center
17%
TV Pilot 2008 Phoo Action
17%
TV Show 2010 Psych
17%
Director 1995 Renegade
17%
Director 2001-2002 Sheena
17%
Film 2013 Sheriff Tom Vs. The Zombies
17%
Commercial 2014-2015 Shriners Hospitals for Children
17%
Director 1993, 1996-1997 Silk Stalkings
17%
TV Show 1976 Starsky & Hutch
17%
TV Show 2017-2019 Star vs. the Forces of Evil
17%
TV Show 1991-1993 Street Justice
17%
Director 2001 Strong Medicine
17%
Video Game 2021 The Artful Escape
17%
Film 2007 The Comebacks
17%
TV Film 1977 The Hostage Heart
17%
Director 2021 The Last O.G.
17%
Film 2006 The Sasquatch Gang
17%
TV Show 2003, 2007 The Shield
17%
TV Show 1975 The Six Million Dollar Man
17%
TV Show 1977 The Streets of San Francisco
17%
Film 2014 Think Like a Man Too
17%
TV Show 1989-1990 Tour of Duty
17%
Film 2019 Toy Story 4
17%
TV Short 2013 Toy Story of Terror!
17%
Film 2012 American Warships
8%
TV Show 1975 Bronk
8%
Commercial 2010 Bud Light
8%
TV Show 2016-2017 Chicago P.D.
8%
TV Film 1990 Dangerous Passion
8%
TV Show 1977 Delvecchio
8%
Commercial 2024 FanDuel
8%
Music Video 1988 He Turned Me Out
8%
Music Video 1989 Liberian Girl
8%
TV Show 1975 McCloud
8%
Commercial 1976 McDonald's
8%
TV Show 1976 Most Wanted
8%
Commercial 2010 Old Spice
8%
Director 1999, 2000 Pensacola: Wings of Gold
8%
Web Series 2019 Pinky Malinky
8%
TV Show 1977 Quinn Martin's Tales of the Unexpected
8%
Film 2017 Sandy Wexler
8%
Commercial 2021 Scotts
8%
TV Show 1976 Serpico
8%
TV Show 1975 S.W.A.T.
8%
TV Show 1975 Switch
8%
TV Film 1978 The Bermuda Depths
8%
TV Film 1986 The Defiant Ones
8%
Short Film 2003 The Sweet Spot
8%
Documentary Series 2020-2023 Disney Gallery: The Mandalorian
0%
TV Show 2018 Law & Order: Special Victims Unit
0%
No matching quizzes found
Score Distribution
Percent of People with Each Score
Percentile by Number Answered
Your Score History
You have not taken this quiz since the last reset